| 000 | 00544nam a2200181 a 4500 | ||
|---|---|---|---|
| 005 | 20140412111234.0 | ||
| 008 | 010425s19uu xx 00 eng d | ||
| 020 | _a0-394-81199-2 | ||
| 050 |
_aTR(PS E _bEa7 1968 |
||
| 100 | _aPerkins, Al. | ||
| 245 |
_aEar book (The) / _cby Al Perkins ; illustrated by William O'Brian. |
||
| 260 |
_aNew York : _bRandom House, _c1968. |
||
| 300 | _a28p. ; col. ill. | ||
| 440 | _aBright and early books for beginning beginners | ||
| 650 |
_aEars _xFiction |
||
| 650 |
_aHearing _xFiction |
||
| 999 |
_c102314 _d102314 |
||